00416 a2200097 4500001001000000005001700010008004100027245015900068100002400227773006700251ART_3506320260410162005.0260409a 10aNormas sobre el gobierno, administración, representación y fiscalización de las personas jurídicas en el Código Civil y Comercial de la Nación1 aBarreiro, Rafael F.0 tTemas de derecho civilg- Año 1, Nº 1 (oct. 2015)wREV34778